000 00563nam a2200181Ia 4500
005 20250508160331.0
008 008 250505s9999 xx 000 0 hin d
037 _aTextual
040 _aFEDL
_beng
_cFEDL
041 _ahin
_2hin
084 _a371.3, GOV
_qFEDL
245 0 _aShikshan, prashikshan tatha shikshanusandhan kuch tathya, kuch vichar
260 _aBikaner, India
_bRajkiya Shiksha Prashikshan Mahavidyalaya
300 _aii,60p.
650 _aTeacher - Techniqe
_9756430
942 _cTEXL
_h371.3, GOV
999 _c1363767
_d1363767